| 000 | 01986nam a2200385Ii 4500 | ||
|---|---|---|---|
| 999 |
_c5255 _d5255 |
||
| 003 | OSt | ||
| 005 | 20250828153845.0 | ||
| 008 | 171106s2017 nyua j 6 000 1 eng d | ||
| 020 | _a9781338888270 | ||
| 040 |
_aBTCTA _beng _cBTCTA _dYDX _dWIM _dOCLCO _dOCLCF _dJSE _dCHILD _dSRC _dORX _dCaOL _erda _eKH8 |
||
| 082 | _aFIC GAL | ||
| 100 | 1 |
_aGalligan, Gale, _eauthor, _eartist. |
|
| 245 | 1 | 0 |
_aThe baby-sitters club : _bDawn and the impossible three / _ca graphic novel by Gale Galligan ; with color by Braden Lamb. |
| 250 | _aFirst edition. | ||
| 264 | 1 |
_aNew York : _bGraphix, an imprint of Scholastic, _c2023. |
|
| 300 |
_a145 pages : _bcolour illustrations ; _c21 cm. |
||
| 336 |
_atext _2rdacontent. |
||
| 336 |
_astill image _2rdacontent. |
||
| 337 |
_aunmediated _2rdamedia. |
||
| 338 |
_avolume _2rdacarrier. |
||
| 490 | 1 |
_aBaby-sitters Club ; _v5. |
|
| 500 | _aBased on the novel by Ann M. Martin. | ||
| 500 | _aAt head of title: Baby-sitters club. | ||
| 520 | _aDawn Schafer is the newest member of The Baby-sitters Club. While she's still adjusting to life in Stoneybrook after moving from sunny California, she's eager to accept her first big job. But taking care of the three Barrett kids would be too much for any baby-sitter. The house is always a mess, the kids are out of control, and Mrs. Barrett never does any of the things she promises. On top of all that, Dawn wants to fit in with the other members of the BSC, but she can't figure out how to get along with Kristy. Was joining The Baby-sitters Club a mistake? | ||
| 650 | 0 |
_aBabysitters Club (Imaginary organization) _vJuvenile fiction. |
|
| 650 | 0 |
_aBabysitters _vJuvenile fiction. |
|
| 650 | 0 |
_aClubs _vJuvenile fiction. |
|
| 650 | 0 |
_aGirls _vJuvenile fiction. |
|
| 650 | 7 |
_aGraphic novels. _2genre. |
|
| 650 | 7 |
_aComics (Graphic works) _2genre. |
|
| 700 | 1 |
_aMartin, Ann M., _d1955- _ecreator. |
|
| 700 | 1 |
_aLamb, Braden, _ecolourist. |
|
| 830 | 0 |
_aBaby-sitters Club (Graphix (Firm)) ; _v5. |
|
| 942 |
_2ddc _cGN |
||